REFORMA AGRARIA EN AMERICA LATINA: PROBLEMAS Y CASOS CONCRETOS/

TRADUCCION DE: LAND REFORM IN LATIN AMERICA

Spremljeno u:
Bibliografski detalji
Daljnji autori: Dorner, Peter (compilación) (compilación)
Format: Knjiga
Teme:
Oznake: Dodaj oznaku

MARC

LEADER 00000nam^a2200000^a^4500
001 000224126
005 20250521000000.0
009 20260310104038.04
035 |a 042926 
037 |a Acervo Xavier Clavigero 
082 |a 333. 318  |b REF 
245 1 0 |a REFORMA AGRARIA EN AMERICA LATINA:  |b PROBLEMAS Y CASOS CONCRETOS/  |c COMP. PETER DORNER; TR. MAYO ANTONIO SANCHEZ G 
264 |a MEXICO :  |b DIANA,  |c 1974 
300 |a 340p. 
336 |a texto  |b txt  |2 rdacontenido 
337 |a sin mediación  |b n  |2 rdamedio 
338 |a volumen  |b nc  |2 rdasoporte 
520 |a TRADUCCION DE: LAND REFORM IN LATIN AMERICA 
649 |a XX 
650 |a REFORMA AGRARIA -  |x HISPANOAMERICA 
650 |a Tenencia de la Tierra -  |z Latinoamérica 
700 |a Dorner, Peter  |e (compilación) 
910 |a Fondo General 
920 |a Impresos - Libros 
930 |a Colección General 
905 |a 101 
901 |a 042926  |b IT1  |c ACC  |i 042926  |u 20250521 
902 |a https://opac.biblio.iteso.mx/vufind/Record/000224126